000 00395nam a2200157Ia 4500
008 130318s9999 xx 000 0 und d
020 _a8126508108
082 _a510.245012 BOA/M
100 _aBoas, Mary L
245 _aMathematical methods in the physical sciences
250 _a3
260 _bWiley
_aNew Delhi
_c2006
300 _a839
650 _aMATHEMATICS
650 _aPHYSICAL SCIENCE
999 _c2169
_d2169